[Event "TUR-chT 2nd League"]
[Site "Denizli"]
[Date "2023.07.12"]
[Round "6.72"]
[White "Sipahioglu, Irmak"]
[Black "Akin, Kadir"]
[Result "1/2-1/2"]
[WhiteElo "2041"]
[BlackElo "1993"]
[PlyCount "70"]
[EventDate "2023.07.09"]
[EventType "team-swiss"]
[EventRounds "9"]
[EventCountry "TUR"]
[SourceTitle "CBM 215 Extra"]
[Source "ChessBase"]
[SourceDate "2023.09.30"]
[SourceVersion "1"]
[SourceVersionDate "2023.09.30"]
[SourceQuality "1"]
[WhiteTeam "Nida"]
[BlackTeam "Altinkale Kultur"]
[WhiteTeamCountry "TUR"]
[BlackTeamCountry "TUR"]

1. c4 e6 2. d4 Nf6 3. Nc3 d5 4. cxd5 exd5 5. Bg5 Be7 6. e3 0-0 7. Bd3 c6 8. Qc2 h6 9. Bf4 Re8 10. h3 Nbd7 11. Nf3 b6 12. 0-0 Bb7 13. Rac1 Nf8 14. Ne5 N6d7 15. Nf3 Ne6 16. Bh2 c5 17. dxc5 bxc5 18. Be2 Bf6 19. Nb5 Qb6 20. Nd6 Red8 21. Nxb7 Qxb7 22. Rfd1 Rac8 23. Rd2 Nb6 24. Qb3 c4 25. Qd1 Nc5 26. Nd4 Ne4 27. Rdc2 Qe7 28. Bg4 Rc5 29. b4 Bxd4 30. bxc5 Bxc5 31. Kf1 Qf6 32. Bf3 Ba3 33. Bc7 Re8 34. Bxb6 axb6 35. Bxe4 Bxc1 1/2-1/2

[Event "TUR-chT 2nd League"]
[Site "Denizli"]
[Date "2023.07.10"]
[Round "2.112"]
[White "Erdogan, Yunus Emre"]
[Black "Akin, Kadir"]
[Result "0-1"]
[WhiteElo "1816"]
[BlackElo "1993"]
[PlyCount "45"]
[EventDate "2023.07.09"]
[EventType "team-swiss"]
[EventRounds "9"]
[EventCountry "TUR"]
[SourceTitle "CBM 215 Extra"]
[Source "ChessBase"]
[SourceDate "2023.09.30"]
[SourceVersion "1"]
[SourceVersionDate "2023.09.30"]
[SourceQuality "1"]
[WhiteTeam "Denizli Ihtisas"]
[BlackTeam "Altinkale Kultur"]
[WhiteTeamCountry "TUR"]
[BlackTeamCountry "TUR"]

1. e4 d6 2. d4 g6 3. Nc3 Bg7 4. f4 Nf6 5. Nf3 c5 6. dxc5 Qa5 7. Bd3 Qxc5 8. Qe2 Bg4 9. Be3 Qa5 10. 0-0 Nc6 11. a3 0-0 12. b4 Qd8 13. Rab1 Rc8 14. Qd2 d5 15. exd5 Nxd5 16. Nxd5 Qxd5 17. Qf2 Rfd8 18. b5 Nd4 19. Ne5 Be6 20. Rb4 Nf5 21. Bxa7 Qxe5 22. g4 Nd6 23. Qh4 0-1

[Event "TUR-chT 2nd League"]
[Site "Konya"]
[Date "2022.08.28"]
[Round "9.7"]
[White "Eken, Atakan"]
[Black "Akin, Kadir"]
[Result "1/2-1/2"]
[WhiteElo "1834"]
[BlackElo "1974"]
[PlyCount "60"]
[EventDate "2022.08.22"]
[EventType "team-swiss"]
[EventRounds "9"]
[EventCountry "TUR"]
[SourceTitle "CBM 210 Extra"]
[Source "ChessBase"]
[SourceDate "2022.11.30"]
[SourceVersion "1"]
[SourceVersionDate "2022.11.30"]
[SourceQuality "1"]
[WhiteTeam "Marmara Universitesi"]
[BlackTeam "Karaman Masterler"]
[WhiteTeamCountry "TUR"]
[BlackTeamCountry "TUR"]

1. d4 d5 2. Bf4 Bf5 3. e3 e6 4. Bd3 Bxd3 5. Qxd3 Bd6 6. Bxd6 Qxd6 7. Nf3 Nf6 8. 0-0 0-0 9. Nbd2 Nbd7 10. e4 dxe4 11. Nxe4 Nxe4 12. Qxe4 Qd5 13. Qxd5 exd5 14. Rfe1 Rfe8 15. Rxe8+ Rxe8 16. Re1 Rxe1+ 17. Nxe1 Nf6 18. Nf3 Kf8 19. Kf1 Ke7 20. Ke2 h6 21. h3 Ke6 22. Ke3 Ne4 23. Nd2 Nxd2 24. Kxd2 Kf5 25. Ke3 c6 26. c3 g6 27. g3 g5 28. g4+ Ke6 29. f3 f6 30. Kd3 Kd6 1/2-1/2

[Event "TUR Cup"]
[Site "Adapazari"]
[Date "2022.04.01"]
[Round "11"]
[White "Akin, Kadir"]
[Black "Ererdem, Gani Eren"]
[Result "1/2-1/2"]
[WhiteElo "1964"]
[BlackElo "2134"]
[PlyCount "72"]
[EventDate "2022.03.25"]
[EventType "swiss"]
[EventRounds "11"]
[EventCountry "TUR"]
[SourceTitle "EXT 2023"]
[Source "ChessBase"]
[SourceDate "2022.10.05"]
[SourceVersion "1"]
[SourceVersionDate "2022.10.05"]
[SourceQuality "1"]

1. e4 g6 2. d4 Bg7 3. Nc3 c6 4. Nf3 d5 5. h3 dxe4 6. Nxe4 Nd7 7. Bc4 Ndf6 8. Nxf6+ Nxf6 9. 0-0 0-0 10. Re1 b6 11. c3 Bb7 12. Bf4 e6 13. Qe2 Qe7 14. Rad1 Rad8 15. Qe3 c5 16. dxc5 bxc5 17. Bg5 h6 18. Bh4 g5 19. Bg3 Ne4 20. Be5 Rxd1 21. Rxd1 Rd8 22. Rxd8+ Qxd8 23. Bxg7 Kxg7 24. Bd3 Nf6 25. Bc2 Bxf3 26. Qxf3 Qd2 27. Qd1 Qf4 28. Bd3 h5 29. Qc2 h4 30. Be2 e5 31. a3 a5 32. Bd1 Ne4 33. b4 axb4 34. axb4 cxb4 35. cxb4 Nd6 36. Qc3 Nb5 1/2-1/2

[Event "TUR Cup"]
[Site "Adapazari"]
[Date "2022.03.31"]
[Round "10"]
[White "Kirilmaz, Emre"]
[Black "Akin, Kadir"]
[Result "1-0"]
[WhiteElo "2197"]
[BlackElo "1964"]
[PlyCount "111"]
[EventDate "2022.03.25"]
[EventType "swiss"]
[EventRounds "11"]
[EventCountry "TUR"]
[SourceTitle "EXT 2023"]
[Source "ChessBase"]
[SourceDate "2022.10.05"]
[SourceVersion "1"]
[SourceVersionDate "2022.10.05"]
[SourceQuality "1"]

1. d4 d5 2. c3 Nf6 3. Bg5 Ne4 4. Bf4 c5 5. e3 Qb6 6. Qb3 c4 7. Qc2 Bf5 8. Qc1 Nd7 9. f3 Nef6 10. g4 Bg6 11. h4 h6 12. Be2 e6 13. Nd2 Bd6 14. Bxd6 Qxd6 15. f4 Ne4 16. Nxe4 Bxe4 17. Nf3 b5 18. 0-0 Qe7 19. Qe1 Rb8 20. a3 h5 21. gxh5 Rxh5 22. Ng5 Rh6 23. Qg3 Nf6 24. f5 Rb6 25. fxe6 fxe6 26. Rf4 Bf5 27. Bf3 Kd7 28. Rf1 Bd3 29. Rf2 Rd6 30. Bg4 Kc6 31. Nf3 Kb6 32. Ng5 Rg6 33. Kh2 Ka5 34. Qh3 e5 35. dxe5 Qxe5 36. Qg3 Qe7 37. Rg2 Rd8 38. Qf2 Rh8 39. Kg1 Re8 40. Rg3 Rh8 41. Bf3 Re8 42. Bg2 Qc7 43. Bf3 Qe7 44. Bg2 Qc7 45. b4+ cxb3 46. Rb4 Qxc3 47. e4 Re7 48. e5 Qa1+ 49. Kh2 Qxe5 50. Qd2 Rh6 51. Re4+ Kb6 52. Rxe5 Rxh4+ 53. Kg1 Rxe5 54. Rxd3 b2 55. Qxb2 Rxg5 56. Qf2+ 1-0

[Event "TUR Cup"]
[Site "Adapazari"]
[Date "2022.03.30"]
[Round "9"]
[White "Akin, Kadir"]
[Black "Ozdemir, Serhan Berat"]
[Result "1/2-1/2"]
[WhiteElo "1964"]
[BlackElo "2176"]
[PlyCount "136"]
[EventDate "2022.03.25"]
[EventType "swiss"]
[EventRounds "11"]
[EventCountry "TUR"]
[SourceTitle "EXT 2023"]
[Source "ChessBase"]
[SourceDate "2022.10.05"]
[SourceVersion "1"]
[SourceVersionDate "2022.10.05"]
[SourceQuality "1"]

1. e4 c5 2. c3 d5 3. exd5 Qxd5 4. d4 Nc6 5. Nf3 Bg4 6. Be2 cxd4 7. cxd4 e6 8. Nc3 Qa5 9. Be3 Nf6 10. 0-0 Bd6 11. h3 Bh5 12. Qb3 Qb4 13. Rfd1 Qxb3 14. axb3 Nb4 15. d5 Nbxd5 16. Rxa7 Rxa7 17. Bxa7 Ke7 18. Bd4 Nf4 19. Ra1 Nxe2+ 20. Nxe2 Bxf3 21. gxf3 e5 22. Be3 Nd5 23. Nc3 Nxe3 24. fxe3 Bc5 25. Kf2 f5 26. Ke2 Rd8 27. Ra5 Kd6 28. b4 Bxb4 29. Rd5+ Ke7 30. Rxe5+ Kf6 31. Rb5 Bxc3 32. bxc3 Rd7 33. Kf2 g6 34. Kg3 Rc7 35. h4 Kg7 36. Kf4 Kh6 37. e4 fxe4 38. fxe4 Kg7 39. Rb6 h5 40. c4 Rxc4 41. Rxb7+ Kh6 42. Rb3 Rc1 43. Kg3 Rg1+ 44. Kh3 Kg7 45. Rb6 Re1 46. Rb7+ Kf6 47. Rb6+ Kf7 48. Rb7+ Kg8 49. Rb8+ Kg7 50. Rb7+ Kh6 51. Re7 Rg1 52. Kh2 Ra1 53. Kh3 Ra3+ 54. Kh2 Rc3 55. Kg2 Rc6 56. Kg3 Rf6 57. Kh3 g5 58. hxg5+ Kxg5 59. Re5+ Kg6 60. Kh4 Rf4+ 61. Kh3 Rg4 62. Re6+ Kg5 63. Re5+ Kf4 64. Rxh5 Rg3+ 65. Kh2 Re3 66. Rf5+ Kg4 67. Rf8 Re2+ 68. Kg1 Rxe4 1/2-1/2

[Event "TUR Cup"]
[Site "Adapazari"]
[Date "2022.03.25"]
[Round "1"]
[White "Akin, Kadir"]
[Black "Odabasi, Nail"]
[Result "1-0"]
[WhiteElo "1964"]
[BlackElo "1448"]
[PlyCount "41"]
[EventDate "2022.03.25"]
[EventType "swiss"]
[EventRounds "11"]
[EventCountry "TUR"]
[SourceTitle "EXT 2023"]
[Source "ChessBase"]
[SourceDate "2022.10.05"]
[SourceVersion "1"]
[SourceVersionDate "2022.10.05"]
[SourceQuality "1"]

1. e4 d5 2. Nf3 dxe4 3. Ng5 Nf6 4. Nc3 Bg4 5. Be2 Bf5 6. Bc4 e6 7. f3 exf3 8. Qxf3 Nc6 9. Nxf7 Kxf7 10. Qxf5 Nd4 11. Qd3 c6 12. Ne4 Nxe4 13. Qxe4 Qd6 14. c3 b5 15. 0-0+ Ke8 16. Bd3 Rd8 17. Qg6+ Kd7 18. Qg4 Nb3 19. axb3 Qxd3 20. Rf7+ Kc8 21. Qxe6+ 1-0

[Event "TUR-chT 1st League"]
[Site "Konya"]
[Date "2019.07.25"]
[Round "6.8"]
[White "Kanmazalp, Ogulcan"]
[Black "Akin, Kadir"]
[Result "1-0"]
[WhiteElo "2457"]
[BlackElo "2135"]
[PlyCount "71"]
[EventDate "2019.07.22"]
[EventType "team-swiss"]
[EventRounds "9"]
[EventCountry "TUR"]
[SourceTitle "CBM 191 Extra"]
[Source "ChessBase"]
[SourceDate "2019.09.30"]
[SourceVersion "1"]
[SourceVersionDate "2019.09.30"]
[SourceQuality "1"]
[WhiteTeam "Yalova Belediye"]
[BlackTeam "Salihli Sardes"]
[WhiteTeamCountry "TUR"]
[BlackTeamCountry "TUR"]

1. e4 c5 2. Nf3 e6 3. d4 cxd4 4. Nxd4 Nf6 5. Nc3 Nc6 6. Ndb5 d6 7. Bf4 e5 8. Bg5 a6 9. Na3 b5 10. Nd5 Be7 11. Bxf6 Bxf6 12. c4 b4 13. Nc2 Rb8 14. b3 0-0 15. g3 Be6 16. h4 Bxd5 17. cxd5 Nd4 18. Bxa6 Qa5 19. Nxd4 exd4 20. Qd3 Rfe8 21. 0-0 Rb6 22. Bc4 g6 23. Rfe1 Rb7 24. Kg2 Rc7 25. Re2 Rc5 26. Rae1 Qc7 27. f4 h6 28. Rf1 Kg7 29. Ref2 Re7 30. Kh2 Kh7 31. h5 Qd7 32. e5 dxe5 33. fxe5 Bxe5 34. Rxf7+ Rxf7 35. Qxg6+ Kh8 36. Rxf7 1-0

[Event "Manisa Yunusemre"]
[Site "Manisa"]
[Date "2019.05.01"]
[Round "4.5"]
[White "Akin, Kadir"]
[Black "Guseynov, Alihan"]
[Result "0-1"]
[WhiteElo "2033"]
[BlackElo "2340"]
[PlyCount "66"]
[EventDate "2019.04.29"]
[EventType "schev"]
[EventRounds "10"]
[EventCountry "TUR"]
[SourceTitle "CBM 190 Extra"]
[Source "ChessBase"]
[SourceDate "2019.07.15"]
[SourceVersion "1"]
[SourceVersionDate "2019.07.15"]
[SourceQuality "1"]
[WhiteTeam "Turkuaz"]
[BlackTeam "Blue Team"]
[WhiteTeamCountry "TUR"]
[BlackTeamCountry "TUR"]

1. e4 g6 2. d4 Bg7 3. Nc3 d6 4. Be3 c6 5. Nf3 Nd7 6. Qd2 Ngf6 7. h3 0-0 8. Bd3 Qc7 9. 0-0 b5 10. a4 b4 11. Ne2 c5 12. c3 Bb7 13. Ng3 c4 14. Bb1 bxc3 15. Qxc3 Rfc8 16. Nd2 Rab8 17. Rc1 d5 18. Ba2 e6 19. b3 Nxe4 20. Ngxe4 dxe4 21. bxc4 Nc5 22. Qa3 Nd3 23. Rd1 Rd8 24. Nb3 f5 25. Bg5 Rxd4 26. Nxd4 Bxd4 27. Rab1 Bxf2+ 28. Kf1 Bc5 29. Rxd3 exd3 30. Qxd3 Qh2 31. Rxb7 Qg1+ 32. Ke2 Qxg2+ 33. Kd1 Qxb7 0-1

[Event "Wch U20 57th"]
[Site "Manavgat"]
[Date "2018.09.15"]
[Round "11"]
[White "Akin, Kadir"]
[Black "Nalbant, Tuna Onat"]
[Result "1-0"]
[WhiteElo "1974"]
[BlackElo "2241"]
[PlyCount "107"]
[EventDate "2018.09.05"]
[EventType "swiss"]
[EventRounds "11"]
[EventCountry "TUR"]
[SourceTitle "CBM 186 Extra"]
[Source "ChessBase"]
[SourceDate "2018.08.24"]
[SourceVersion "1"]
[SourceVersionDate "2018.08.24"]
[SourceQuality "1"]

1. e4 c5 2. c3 Nf6 3. e5 Nd5 4. d4 cxd4 5. Nf3 e6 6. cxd4 d6 7. a3 Bd7 8. Bd3 Bc6 9. 0-0 Nd7 10. Qe2 Be7 11. Rd1 0-0 12. Nc3 dxe5 13. Nxd5 Bxd5 14. dxe5 Nc5 15. Bc2 a5 16. Be3 a4 17. Bxh7+ Kxh7 18. Bxc5 g6 19. Bxe7 Qxe7 20. Rd4 Kg7 21. Qe3 Rh8 22. Rf4 Rh5 23. Rc1 Ra5 24. Qb6 Ra6 25. Qc7 Qe8 26. g4 Rh8 27. Ng5 Rf8 28. h4 Rc6 29. Rxc6 Bxc6 30. Rf6 Qd7 31. Qxd7 Bxd7 32. h5 gxh5 33. gxh5 Rg8 34. Rxf7+ Kh6 35. f4 Rg7 36. Rxg7 Kxg7 37. Ne4 b6 38. Nf6 Bb5 39. Kf2 Kh6 40. Kg3 Be2 41. Kh4 b5 42. Ng4+ Kg7 43. Kg5 Kf7 44. Nf6 Bd3 45. h6 Bf5 46. Nd7 Bh7 47. Nc5 Bc2 48. Nb7 Kg8 49. Kf6 Kh7 50. Kxe6 Kxh6 51. f5 Bb3+ 52. Kf6 Bd5 53. Nd6 Bc6 54. e6 1-0

[Event "Wch U20 57th"]
[Site "Manavgat"]
[Date "2018.09.14"]
[Round "10"]
[White "Yilmaz, Goktan"]
[Black "Akin, Kadir"]
[Result "1-0"]
[WhiteElo "2237"]
[BlackElo "1974"]
[PlyCount "77"]
[EventDate "2018.09.05"]
[EventType "swiss"]
[EventRounds "11"]
[EventCountry "TUR"]
[SourceTitle "CBM 186 Extra"]
[Source "ChessBase"]
[SourceDate "2018.08.24"]
[SourceVersion "1"]
[SourceVersionDate "2018.08.24"]
[SourceQuality "1"]

1. e4 d5 2. exd5 Qxd5 3. Nc3 Qd6 4. d4 Nf6 5. Nf3 Bg4 6. h3 Bh5 7. g4 Bg6 8. Ne5 c6 9. Be3 Nbd7 10. Nxg6 hxg6 11. Qf3 e6 12. 0-0-0 Qc7 13. Kb1 Nb6 14. g5 Nfd5 15. Ne4 Nc8 16. c4 Nxe3 17. fxe3 Nd6 18. d5 Rh4 19. Nxd6+ Bxd6 20. Bd3 0-0-0 21. dxc6 bxc6 22. c5 Be7 23. Qxf7 Bxg5 24. Ba6+ Kb8 25. Rxd8+ Bxd8 26. Qe8 Rh5 27. e4 Qe7 28. Qxc6 Rxc5 29. Qa4 Bb6 30. b4 Rc7 31. Rd1 Qf8 32. a3 Qe7 33. Qb5 Ka8 34. e5 Qf8 35. Qd3 Re7 36. Rc1 Kb8 37. Qd6+ Bc7 38. Rxc7 Qf5+ 39. Rc2+ 1-0

[Event "Wch U20 57th"]
[Site "Manavgat"]
[Date "2018.09.05"]
[Round "1"]
[White "Akin, Kadir"]
[Black "Krishna Teja, N."]
[Result "0-1"]
[WhiteElo "1974"]
[BlackElo "2356"]
[PlyCount "91"]
[EventDate "2018.09.05"]
[EventType "swiss"]
[EventRounds "11"]
[EventCountry "TUR"]
[SourceTitle "CBM 186 Extra"]
[Source "ChessBase"]
[SourceDate "2018.08.24"]
[SourceVersion "1"]
[SourceVersionDate "2018.08.24"]
[SourceQuality "1"]

1. e4 c6 2. d4 d5 3. exd5 cxd5 4. Bd3 Nc6 5. c3 Qc7 6. Ne2 Bg4 7. Bf4 Qxf4 8. Nxf4 Bxd1 9. Kxd1 Nf6 10. Nd2 g5 11. Ne2 h5 12. Nf3 Bh6 13. h3 e6 14. Kc2 Rc8 15. a3 Ke7 16. Rae1 Kd6 17. Kb1 g4 18. Nfg1 Rcg8 19. g3 Ne4 20. Bxe4 dxe4 21. Nc1 f5 22. Nb3 b5 23. Kc2 a5 24. Ne2 a4 25. Nd2 e5 26. dxe5+ Kxe5 27. Nf1 Rc8 28. Ne3 b4 29. Rd1 b3+ 30. Kb1 Bxe3 31. fxe3 Rcd8 32. Nf4 Rxd1+ 33. Rxd1 Rd8 34. Rxd8 Nxd8 35. h4 Nc6 36. Nxh5 Na5 37. Ng7 Nc4 38. h5 Kf6 39. h6 Nxe3 40. c4 Nxc4 41. Nxf5 Kg6 42. Kc1 e3 43. Nd4 Kxh6 44. Kd1 Nxb2+ 45. Ke2 Nc4 46. Kd3 0-1

[Event "TUR-chT 1st League"]
[Site "Konya"]
[Date "2018.07.21"]
[Round "8.8"]
[White "Akin, Kadir"]
[Black "Duman, Necdet"]
[Result "1-0"]
[WhiteElo "1861"]
[BlackElo "1846"]
[PlyCount "57"]
[EventDate "2018.07.16"]
[EventType "team-swiss"]
[EventRounds "9"]
[EventCountry "TUR"]
[SourceTitle "EXT 2019"]
[Source "ChessBase"]
[SourceDate "2018.10.10"]
[SourceVersion "1"]
[SourceVersionDate "2018.10.10"]
[SourceQuality "1"]
[WhiteTeam "Salihli Sardes"]
[BlackTeam "Boranlar Mersin Toyota"]
[WhiteTeamCountry "TUR"]
[BlackTeamCountry "TUR"]

1. e4 d5 2. Nf3 dxe4 3. Ng5 Bf5 4. Nc3 Nf6 5. Bc4 e6 6. f3 exf3 7. Qxf3 c6 8. Nxf7 Kxf7 9. Qxf5 Qd7 10. d3 Bb4 11. 0-0 Qd4+ 12. Kh1 Qxc4 13. Qh5+ Ke7 14. Rxf6 Qd4 15. Qf7+ Kd8 16. Qxg7 Re8 17. Rf7 Qxg7 18. Rxg7 Rh8 19. Rxb7 Be7 20. Bf4 Nd7 21. d4 a5 22. Re1 Rf8 23. g3 e5 24. Bxe5 Rf2 25. d5 Nxe5 26. Rxe5 Bf6 27. Re6 Bxc3 28. dxc6 Bb4 29. Rd7+ 1-0

[Event "TUR-chT 1st League"]
[Site "Konya"]
[Date "2018.07.20"]
[Round "7.8"]
[White "Kocak, Can"]
[Black "Akin, Kadir"]
[Result "1-0"]
[WhiteElo "1892"]
[BlackElo "1861"]
[PlyCount "101"]
[EventDate "2018.07.16"]
[EventType "team-swiss"]
[EventRounds "9"]
[EventCountry "TUR"]
[SourceTitle "EXT 2019"]
[Source "ChessBase"]
[SourceDate "2018.10.10"]
[SourceVersion "1"]
[SourceVersionDate "2018.10.10"]
[SourceQuality "1"]
[WhiteTeam "Aydin Egitim Merkezi"]
[BlackTeam "Salihli Sardes"]
[WhiteTeamCountry "TUR"]
[BlackTeamCountry "TUR"]

1. e4 g6 2. d4 Bg7 3. Nc3 d6 4. Be3 a6 5. a4 b6 6. Bc4 e6 7. Nf3 Bb7 8. 0-0 Nf6 9. Bd3 h6 10. h3 0-0 11. Re1 Nbd7 12. Qe2 c5 13. e5 dxe5 14. Nxe5 Nxe5 15. dxe5 Nd5 16. Bd2 Nb4 17. Rad1 Nxd3 18. cxd3 Qc7 19. f4 Rfd8 20. Be3 Bf8 21. h4 Bc6 22. h5 b5 23. axb5 axb5 24. Qg4 g5 25. Bc1 Rd4 26. Qg3 Be7 27. fxg5 Kh8 28. g6 Rg8 29. Ne4 c4 30. Qe3 Bg5 31. Qxd4 fxg6 32. Bxg5 hxg5 33. dxc4 bxc4 34. Nf6 Rb8 35. Qc5 Qb7 36. hxg6 Kg7 37. Rd6 Rc8 38. Red1 Kxg6 39. Rd8 Qxb2 40. Qf2 Rxd8 41. Qxb2 Rxd1+ 42. Kf2 Rd3 43. Qb6 Ba4 44. Qxe6 Rd2+ 45. Ke3 Rd3+ 46. Kf2 Rd2+ 47. Kf1 Rd1+ 48. Ke2 Bb3 49. Ne4+ Kg7 50. Qe7+ Kg6 51. Qf6+ 1-0

[Event "TUR-chT 1st League"]
[Site "Konya"]
[Date "2018.07.19"]
[Round "5.4"]
[White "Yerden, Huseyin Eren"]
[Black "Akin, Kadir"]
[Result "1-0"]
[WhiteElo "2022"]
[BlackElo "1861"]
[PlyCount "71"]
[EventDate "2018.07.16"]
[EventType "team-swiss"]
[EventRounds "9"]
[EventCountry "TUR"]
[SourceTitle "EXT 2019"]
[Source "ChessBase"]
[SourceDate "2018.10.10"]
[SourceVersion "1"]
[SourceVersionDate "2018.10.10"]
[SourceQuality "1"]
[WhiteTeam "Kahramanmaras CC"]
[BlackTeam "Salihli Sardes"]
[WhiteTeamCountry "TUR"]
[BlackTeamCountry "TUR"]

1. d4 Nf6 2. c4 e6 3. g3 d5 4. Nf3 c6 5. Bg2 Nbd7 6. 0-0 Bd6 7. Nfd2 0-0 8. Nc3 Bb4 9. Qb3 Qa5 10. e4 Bxc3 11. bxc3 dxe4 12. Bxe4 e5 13. Bg2 Rd8 14. c5 Qc7 15. Nc4 Nd5 16. Bg5 f6 17. Bd2 Rb8 18. Ne3 Kf8 19. Nxd5 cxd5 20. Bxd5 Ke7 21. Bg8 Rf8 22. Bxh7 b6 23. dxe5 Nxe5 24. Rfe1 Be6 25. cxb6 Rxb6 26. Qa3+ Kf7 27. Be4 Nc4 28. Bf4 Qc8 29. Qxa7+ Kg8 30. Qc7 Qa6 31. Rad1 Qxa2 32. Rd8 Qa3 33. Rxf8+ Kxf8 34. Bg6 Qe7 35. Rxe6 Rxe6 36. Qc8+ 1-0

[Event "TUR-chT 1st League"]
[Site "Konya"]
[Date "2018.07.17"]
[Round "2.6"]
[White "Kizilkus, Akin"]
[Black "Akin, Kadir"]
[Result "0-1"]
[WhiteElo "2112"]
[BlackElo "1861"]
[PlyCount "52"]
[EventDate "2018.07.16"]
[EventType "team-swiss"]
[EventRounds "9"]
[EventCountry "TUR"]
[SourceTitle "EXT 2019"]
[Source "ChessBase"]
[SourceDate "2018.10.10"]
[SourceVersion "1"]
[SourceVersionDate "2018.10.10"]
[SourceQuality "1"]
[WhiteTeam "Ego Spor"]
[BlackTeam "Salihli Sardes"]
[WhiteTeamCountry "TUR"]
[BlackTeamCountry "TUR"]

1. d4 Nf6 2. c4 e6 3. Nf3 d5 4. Nc3 c6 5. e3 Nbd7 6. Qc2 Bd6 7. b3 0-0 8. Be2 Re8 9. 0-0 e5 10. cxd5 e4 11. Nd2 cxd5 12. Nb5 Bb8 13. Ba3 Re6 14. Rac1 Rc6 15. Qb2 Nb6 16. Rxc6 bxc6 17. Nc3 Ng4 18. Bxg4 Bxg4 19. Rc1 Qg5 20. Nf1 h5 21. Ne2 h4 22. g3 Bf3 23. Rxc6 Qg4 24. Nf4 g5 25. Qc3 gxf4 26. Qc5 Bd6 0-1

[Event "TUR-chT 1st League"]
[Site "Konya"]
[Date "2017.07.19"]
[Round "4.8"]
[White "Eldemir, Goksu"]
[Black "Akin, Kadir"]
[Result "1/2-1/2"]
[WhiteElo "1862"]
[BlackElo "2001"]
[PlyCount "57"]
[EventDate "2017.07.17"]
[EventType "team-swiss"]
[EventRounds "9"]
[EventCountry "TUR"]
[SourceTitle "CBM 179 Extra"]
[Source "ChessBase"]
[SourceDate "2017.08.23"]
[SourceVersion "1"]
[SourceVersionDate "2017.08.23"]
[SourceQuality "1"]
[WhiteTeam "Callica Burdur"]
[BlackTeam "Manisa Salihli Sardes"]
[WhiteTeamCountry "TUR"]
[BlackTeamCountry "TUR"]

1. e4 d6 2. d4 Nf6 3. Nc3 g6 4. Nf3 Bg7 5. Bc4 0-0 6. 0-0 Bg4 7. h3 Bxf3 8. Qxf3 Nc6 9. d5 Nd4 10. Qd1 Nd7 11. a4 a6 12. Re1 e5 13. Nb1 b5 14. axb5 axb5 15. Rxa8 Qxa8 16. Bf1 b4 17. c3 bxc3 18. bxc3 Rb8 19. Be3 Nb3 20. Nd2 Nxd2 21. Qxd2 f5 22. f3 fxe4 23. fxe4 Nf6 24. Bd3 Qa4 25. Qc2 Qa3 26. Bc1 Qc5+ 27. Be3 Qa3 28. Bc1 Qc5+ 29. Be3 1/2-1/2

[Event "TUR-chT 1st League"]
[Site "Konya"]
[Date "2017.07.18"]
[Round "3.6"]
[White "Akin, Kadir"]
[Black "Kilic, Gokturk Kagan"]
[Result "1/2-1/2"]
[WhiteElo "2001"]
[BlackElo "1873"]
[PlyCount "97"]
[EventDate "2017.07.17"]
[EventType "team-swiss"]
[EventRounds "9"]
[EventCountry "TUR"]
[SourceTitle "CBM 179 Extra"]
[Source "ChessBase"]
[SourceDate "2017.08.23"]
[SourceVersion "1"]
[SourceVersionDate "2017.08.23"]
[SourceQuality "1"]
[WhiteTeam "Manisa Salihli Sardes"]
[BlackTeam "Bursa Buyuksehir"]
[WhiteTeamCountry "TUR"]
[BlackTeamCountry "TUR"]

1. e4 c5 2. c3 d5 3. exd5 Qxd5 4. d4 Nf6 5. Nf3 e6 6. Be3 cxd4 7. cxd4 Nc6 8. Nc3 Qd6 9. a3 Be7 10. Bd3 0-0 11. 0-0 b6 12. Qe2 Rd8 13. Rfd1 Bb7 14. Rac1 Rac8 15. Bb1 Na5 16. Ba2 Nd5 17. Nb5 Qb8 18. Ne5 a6 19. Rxc8 Bxc8 20. Nc3 Nxc3 21. bxc3 b5 22. a4 b4 23. Nxf7 Kxf7 24. Qh5+ Kg8 25. Qxa5 b3 26. Bb1 Rd5 27. Bf4 Qxf4 28. Qb6 Rh5 29. h3 Rg5 30. Qc6 Qf8 31. Qe4 g6 32. Bd3 Bd7 33. Bc4 Qf7 34. Bxb3 Qf5 35. Qa8+ Kg7 36. Kf1 Qf4 37. Bc2 Qd6 38. Be4 Bxa4 39. Re1 Bb5+ 40. Kg1 Bc4 41. Qa7 Kf7 42. Re3 Ra5 43. g3 Ra1+ 44. Kg2 Bf1+ 45. Kh2 Bb5 46. h4 a5 47. h5 a4 48. h6 Qd7 49. Qb8 1/2-1/2

[Event "Izmir op 15th"]
[Site "Izmir"]
[Date "2016.09.08"]
[Round "5"]
[White "Yilmazyerli, Mert"]
[Black "Akin, Kadir"]
[Result "1-0"]
[WhiteElo "2443"]
[BlackElo "1893"]
[PlyCount "65"]
[EventDate "2016.09.05"]
[EventType "swiss"]
[EventRounds "9"]
[EventCountry "TUR"]
[SourceTitle "CBM 174 Extra"]
[Source "ChessBase"]
[SourceDate "2016.10.10"]
[SourceVersion "1"]
[SourceVersionDate "2016.10.10"]
[SourceQuality "1"]

1. d4 Nf6 2. Nf3 g6 3. Bg5 Ne4 4. Bf4 Bg7 5. e3 c5 6. c3 Qb6 7. Nbd2 d5 8. Nxe4 dxe4 9. Nd2 Qxb2 10. Be2 0-0 11. 0-0 Nc6 12. Nc4 Qb5 13. Rb1 Qa6 14. Nb6 Qxb6 15. Rxb6 axb6 16. Qb1 Be6 17. Rd1 cxd4 18. cxd4 Rxa2 19. Bf1 Rfa8 20. Qxb6 Na5 21. d5 Bd7 22. d6 exd6 23. Rxd6 Be8 24. Rd8 Nc6 25. Rxa8 Rxa8 26. Qxb7 Rd8 27. Qb1 f5 28. h4 Ne5 29. Qb6 Rd5 30. Qb3 Bf7 31. Qb8+ Bf8 32. Bxe5 Rd1 33. Kh2 1-0

[Event "TUR-chT2"]
[Site "Konya"]
[Date "2014.06.24"]
[Round "3.8"]
[White "Akin, Kadir"]
[Black "Kesgin, Halit Kaan"]
[Result "1/2-1/2"]
[WhiteElo "1527"]
[BlackElo "1823"]
[PlyCount "31"]
[EventDate "2014.06.23"]
[EventType "team-swiss"]
[EventRounds "9"]
[EventCountry "TUR"]
[SourceTitle "CBM 161 Extra"]
[Source "ChessBase"]
[SourceDate "2014.08.29"]
[SourceVersion "1"]
[SourceVersionDate "2014.08.29"]
[SourceQuality "1"]
[WhiteTeam "Salihli Sardes"]
[BlackTeam "Karsiyaka Ihtisas"]
[WhiteTeamCountry "TUR"]
[BlackTeamCountry "TUR"]

1. e4 e5 2. Nf3 Nf6 3. Bc4 Nxe4 4. Nc3 Nd6 5. Bb3 Be7 6. Nxe5 0-0 7. 0-0 Nc6 8. d4 Bf6 9. Bf4 g6 10. Re1 Nf5 11. Ne2 d6 12. Nxc6 bxc6 13. c3 Rb8 14. Qd2 Nh4 15. Bg3 Bg5 16. Bf4 1/2-1/2